Who''s afraid of critical social science? /

Se ofrece una valoración de las lógicas para la ciencia social crítica, y se plantea que en las últimas tres décadas la misma se ha vuelto cada vez más precavida y tímida y que, por ejemplo, la crítica se reduce a desvelar presupuestos ocultos y a profundizar la reflexividad. Se subraya una concepci...

Volledige beschrijving

Bewaard in:
Bibliografische gegevens
Hoofdauteur: Sayer, Andrew
Formaat: Texto
Onderwerpen:
Tags: Voeg label toe
Geen labels, Wees de eerste die dit record labelt!

MARC

LEADER 00000 a a2200000 04500
001 41107
003
040
100 |a Sayer, Andrew  
245 |a Who''s afraid of critical social science? /  |c Andrew Sayer  
520 |a Se ofrece una valoración de las lógicas para la ciencia social crítica, y se plantea que en las últimas tres décadas la misma se ha vuelto cada vez más precavida y tímida y que, por ejemplo, la crítica se reduce a desvelar presupuestos ocultos y a profundizar la reflexividad. Se subraya una concepción simple de la ciencia social crítica, se valora el punto crítico acerca de la libertad, se argumenta que se necesita una postura más fuerte de la crítica al sufrimiento evitable, y se exploran y desmienten algunas de las razones de la retirada de la crítica.  
590 |a DISEMINAR032011/EFU/MARZO2011  
650 |a 1.TEORIA  
650 |a 2.FILOSOFIA  
650 |a 3.CIENCIAS SOCIALES  
650 |a 4.DISCURSOS  
773 |g volumen57, número6 ( , 2009), páginas 767-786  
999 |c 37170  |d 37170